Stuart Hall sobre raza y racismo: estudios culturales y la práctica del contextualismo. = Stuart Hall on race and racism: cultural studies and the practice of contextualism /
Gespeichert in:
| 1. Verfasser: | |
|---|---|
| Format: | Text |
| Schlagworte: | |
| Tags: |
Tag hinzufügen
Keine Tags, Fügen Sie den ersten Tag hinzu!
|
MARC
| LEADER | 00000 a a2200000 04500 | ||
|---|---|---|---|
| 001 | 18376 | ||
| 003 | |||
| 040 | |||
| 100 | |a Grossberg, Lawrence | ||
| 245 | |a Stuart Hall sobre raza y racismo: estudios culturales y la práctica del contextualismo. = |b Stuart Hall on race and racism: cultural studies and the practice of contextualism / |c Lawrence Grossberg | ||
| 650 | |a CULTURA | ||
| 650 | |a DESCRIMINACION | ||
| 650 | |a POLITICA | ||
| 773 | |g número 5; páginas 45-65 | ||
| 999 | |c 21616 |d 21616 | ||
